|
|
|
|
| LEADER |
00000nab a2200000 4500 |
| 005 |
20170826062550.0 |
| 008 |
150903b2003 cr f|||| |||| 00| 0 spa d |
| 090 |
|
|
|a REVIS 06.02.01
|
| 100 |
1 |
|
|9 116
|a Campos Saborío, Natalia
|
| 245 |
1 |
3 |
|a El docente investigador: su génesis teórica y sus rasgos /
|c Natalia Campos Saborío
|
| 260 |
|
|
|a San José, Costa Rica :
|b Editorial Universidad de Costa Rica,
|c 2003
|
| 300 |
|
|
|a páginas 39-43
|
| 520 |
|
|
|a El propósito de este artículo es enunciar los rasgos que caracterizan al docente investigador. Para ello, me ubico en el contexto teórico, desde donde conceptualizo sus calidades, a saber: visión de mundo, el paradigma curricular, y de investigación educativa
|
| 650 |
1 |
4 |
|9 1
|a EDUCACIÓN
|
| 773 |
0 |
|
|d San José, Costa Rica : Editorial de la Universidad de Costa Rica, 1997-
|o R0202
|t EDUCACIÓN: Revista de la Universidad de Costa Rica
|g Vol.27, no.2 (2003)
|
| 942 |
|
|
|h REVIS 06.02.01
|2 z
|c 10
|
| 999 |
|
|
|c 2853
|d 2853
|